KMITANIE ZÁKLADOVEJ DOSKY LEŽIACEJ NA NÁHODNOM PRUŽNOM PODKLADE

Bibliographic Details
Main Author: Krištofovič, Vladimír, 1951-2006 (Author)
Format: Article
Language:Slovak
ISBN:8088941059

MARC

LEADER 00000naa a2200000uu 4500
001 vtls011064207
003 SK-MaSNL
005 20260302140845.0
008 210906|1999 xo |||||||||||||||||slo|
015 |a SNBRA 
035 |a (urnnbn)urn:nbn:sk:snk:ar-a0c563 
035 |a (uuid)5161e6ce-0c84-4847-89d9-d4ad4dab04a6 
035 |a urn:nbn:sk:snk-aavbmi 
040 |a SNKBUCL  |b slo  |c SNKBUCL  |e AACR2 
041 0 |a slo 
044 |a xo  |c SK 
100 1 |a Krištofovič, Vladimír,  |d 1951-2006  |4 aut  |9 9925 
245 1 0 |a KMITANIE ZÁKLADOVEJ DOSKY LEŽIACEJ NA NÁHODNOM PRUŽNOM PODKLADE  |c VLADIMÍR KRIŠTOFOVIČ 
773 0 |t "Informatics and algorithms '99"  |d Košice : INFORMATECH, 1999, 1999  |g S. 168-171  |z 8088941059 
958 |a OND 
958 |a article12 
958 |a chapter 
999 |c 1332792  |d 1334722